000 00794nam a2200241 i 4500
003 DO-SdBNP
005 20260204090057.0
007 ta
008 260204b2012 dr ||||| |||| 00| 0 spa d
040 _aDO-SdBNP
_bspa
_cBNPHU
_erda
041 _aspa
082 4 _axxx
_bxxx
_222
245 0 0 _aPrograma de gobierno 2012-2016 :
_bun mejor país, pero para todos
264 1 _aSanto Domingo :
_bPartido Revolucionario Dominicano,
_c2012.
300 _a250 páginas ;
_c27 cm.
336 _atexto
_btxt
_2rdacontent
337 _asin mediación
_bn
_2rdamedia
338 _avolumen
_bnc
_2rdacarrier
500 _aDesarrollo humano, generación sustentable de riquezas, equidad social y fortalecimiento institucional.
590 _aInventariado, 2026/BT
910 _aBtavárez
942 _2ddc
_cLBS1
999 _c60209
_d60209